Every "Not Free" Country - Statistics

General Stats
  • This quiz has been taken 191 times
    130 since last reset
  • The average score is 45 of 56
Answer Stats
Score Answer % Correct
3 North Korea
99%
10 Afghanistan
93%
9 China
93%
29 Iraq
92%
19 Russia
92%
14 Iran
90%
19 Democratic Republic of the Congo
89%
9 Libya
89%
17 Republic of the Congo
89%
1 Syria
89%
32 Algeria
88%
18 Egypt
88%
7 Saudi Arabia
88%
2 Turkmenistan
88%
9 Yemen
88%
23 Kazakhstan
86%
11 Uzbekistan
86%
12 Cuba
85%
24 Oman
85%
7 Somalia
85%
14 Venezuela
85%
25 Qatar
84%
1 South Sudan
84%
10 Sudan
84%
8 Belarus
82%
15 Chad
82%
32 Mali
82%
8 Tajikistan
82%
24 Cambodia
81%
7 Central African Republic
81%
19 Vietnam
81%
12 Bahrain
79%
23 Ethiopia
79%
27 Kyrgyzstan
79%
17 United Arab Emirates
79%
3 Eritrea
78%
33 Jordan
78%
13 Laos
78%
22 Rwanda
78%
14 Burundi
77%
9 Azerbaijan
75%
34 Uganda
75%
24 Djibouti
74%
9 Myanmar
74%
33 Haiti
73%
32 Turkey
73%
30 Angola
70%
15 Cameroon
70%
28 Zimbabwe
70%
28 Brunei
66%
21 Gabon
66%
34 Guinea
64%
29 Thailand
64%
5 Equatorial Guinea
60%
23 Nicaragua
60%
17 Eswatini
59%
No matching quizzes found
Score Distribution
Percent of People with Each Score
Percentile by Number Answered
Your Score History
You have not taken this quiz since the last reset